| 000 | 01224cam a22003257a 4500 | ||
|---|---|---|---|
| 003 | CHAP | ||
| 005 | 20220329135609.0 | ||
| 008 | 971013s1995 r 00010 d | ||
| 010 | _a39081 | ||
| 011 | _a40053 | ||
| 035 | _a44178 | ||
| 040 | _cCHAP | ||
| 082 |
_a338.17565 _bM4 1987-93 |
||
| 110 |
_aMéxico. Dirección General de Información Agropecuaria, Forestal y de Fauna Silvestre _976998 |
||
| 245 | 0 | _aProducción y comercialización de frijol, 1987-93 | |
| 260 |
_aMéxico : _bDirección General de Información Agropecuaria, Forestal y de Fauna Silvestre, _c1995. |
||
| 300 | _a87 p. | ||
| 500 | _ac.c. Anuario estadístico de producción y comercialización de frijol 1995 | ||
| 590 |
_aBATCH-UPD _b10 _c20130110 _lUCH01 _h0322 |
||
| 590 |
_aBATCH-UPD _b10 _c20130409 _lUCH01 _h2355 |
||
| 590 |
_aBATCH-UPD _b10 _c20130410 _lUCH01 _h1544 |
||
| 590 |
_aBATCH-UPD _b10 _c20130914 _lUCH01 _h1440 |
||
| 590 |
_aCONVERSION _b10 _c20130109 _lUCH01 _h1322 |
||
| 650 | 1 | 4 |
_aFrijol _xAspectos económicos _xMéxico. _943333 |
| 650 | 1 | 4 |
_aFrijol _xEstadísticas. _943374 |
| 650 | 1 | 4 |
_aFrijol _xMercadeo. _943406 |
| 901 | _aBK | ||
| 942 | _cLIBRO | ||
| 949 |
_a338.17565 M4 1987-93 _bBC _cC _d33724000550422 _eC _h87928 _i44178 _mD _si |
||
| 999 |
_c39081 _d39081 |
||